| 000 | 00622nam a22001817a 4500 | ||
|---|---|---|---|
| 999 |
_c189402 _d189402 |
||
| 005 | 20220629100713.0 | ||
| 010 | _aENG-133405 | ||
| 020 |
_a9789380705040 _c1245.00 |
||
| 035 | _aEN-116737 | ||
| 037 | _bDBAD/PUB | ||
| 082 | _a307.7754 | ||
| 100 | _aOta, A.B. | ||
| 245 |
_aReview Of Tribal Sub-Plan Approach in Orrisa: _bStudy of Provision, Implementation and Outcome/ _cA.B. Ota [et.al...] |
||
| 260 |
_aBhubaneswar _bScheduled Castes and Scheduled Tribes Research and Training Institute _c2010 |
||
| 270 |
_bOrissa _e751003 |
||
| 300 |
_axxxvi, 462p. _c25cm (hb) |
||
| 942 |
_2ddc _cEN _h307.7754 _mREV |
||